000 01031nam a22002057a 4500
999 _c56820
_d56820
003 Ge_BSU
005 20190506133356.0
008 190506b1996 ge ||||| |||| 00| 0 geo d
041 _ageo
080 _a338.22(075.8) ჯ-67
100 _aჯოლია, გურამ
_9770
245 _aსაერთაშორისო ბიზნესი : სახელმძღვანელო უმაღლ. სასწ. სტუდენტებისათვის: წ.1 : /
_cგურამ ჯოლია ; რედ : ალექსანდრე კუჭუხიძე
264 _aთბილისი. :
_bინტელექტი,
_c1996.
300 _a175 გვ ;
_bცხრ.
_c20 სმ.
504 _aბიბლიოგრაფია ტექსტის შენიშვნებში.
653 _aბიზნესი
653 _aვაჭრობა
700 _aკუჭუხიძე , ალექსანდრე
_eრედაქტორი
_9772
942 _2udc
_cBK